[Event "NATO Chess Championship 2010"]
[Site "Koge"]
[Date "2010.10.20"]
[Round "4.2"]
[White "Giua, Frederic"]
[Black "Goksel, Doha Cigan"]
[Result "1/2-1/2"]
[WhiteElo "2188"]
[BlackElo "2264"]
[PlyCount "99"]
[EventDate "2010.10.??"]
[EventType "swiss"]
[EventRounds "7"]
[EventCountry "DEN"]
[WhiteTeam "FRA"]
[BlackTeam "TUR"]

1. Nf3 d5 2. c4 c6 3. d4 Nf6 4. e3 Bg4 5. h3 Bh5 6. g4 Bg6 7. Nc3 e6 8. Ne5
Nbd7 9. Nxg6 hxg6 10. g5 Ng8 11. e4 dxe4 12. Nxe4 Rh4 13. Bg2 Qc7 14. Qf3 f5
15. gxf6 Ngxf6 16. Ng5 Bb4+ 17. Kf1 Qd6 18. Be3 e5 19. d5 Rxc4 20. dxc6 Rxc6
21. Rd1 Qe7 22. Qe2 e4 23. f3 O-O-O 24. Nxe4 Nxe4 25. fxe4 Rf8+ 26. Kg1 Ne5 27.
h4 Bc5 28. Rh3 Kb8 29. Kh1 Ka8 30. Bg5 Qe6 31. b4 Bxb4 32. Rb3 Bd6 33. Qb5 Rb8
34. Qd5 Qg4 35. Bh3 Qe2 36. Qd2 Qc4 37. Bf1 Qe6 38. Qd5 Qg4 39. Bh3 Qe2 40. Qd2
Qa6 41. Bf1 Qa4 42. Rdb1 Nc4 43. Qg2 a6 44. Qe2 Ne5 45. Bh3 Nc4 46. Bd7 Na5 47.
Bxc6 Nxc6 48. Qd3 Be5 49. a3 Bc7 50. Qd5 1/2-1/2

[Event "NATO Chess Championship 2010"]
[Site "Koge"]
[Date "2010.10.20"]
[Round "4.15"]
[White "Franck, Boris"]
[Black "Pirs, Matjaz2"]
[Result "0-1"]
[WhiteElo "2105"]
[BlackElo "1934"]
[PlyCount "70"]
[EventDate "2010.10.??"]
[EventRounds "7"]
[EventCountry "DEN"]
[WhiteTeam "United States"]
[WhiteTeamCountry "USA"]

1. e4 d5 2. exd5 Nf6 3. d4 Nxd5 4. c4 Nb6 5. Nf3 Bg4 6. c5 N6d7 7. Bc4 e6 8. h3
Bh5 9. Nc3 Be7 10. Be3 O-O 11. g4 Bg6 12. h4 h5 13. Ng5 hxg4 14. h5 Bf5 15.
Nxe6 fxe6 16. Qb3 Nf6 17. Bxe6+ Bxe6 18. Qxe6+ Rf7 19. h6 Qd7 20. h7+ Nxh7 21.
Qe4 Nf6 22. Qg6 g3 23. Qxg3 Qg4 24. Qh2 Kf8 25. Kd2 Ng8 26. Rag1 Qd7 27. Qh8
Nc6 28. Ne2 Nxd4 29. Bxd4 Bxc5 30. Rh4 Re8 31. Kc1 Bxd4 32. Nxd4 c5 33. Rgh1
Rxf2 34. Rd1 cxd4 35. Rdxd4 Re1+ 0-1

[Event "NATO Chess Championship 2010"]
[Site "Koge"]
[Date "2010.10.20"]
[Round "4.22"]
[White "Rockhill, Nathaniel"]
[Black "Kersic, Matej"]
[Result "0-1"]
[WhiteElo "1951"]
[BlackElo "2139"]
[PlyCount "48"]
[EventDate "2010.10.??"]
[EventType "swiss"]
[EventRounds "7"]
[EventCountry "DEN"]
[WhiteTeam "USA"]
[BlackTeam "SLO"]
[WhiteTeamCountry "USA"]

1. e4 c5 2. Nf3 Nc6 3. Bb5 d6 4. Bxc6+ bxc6 5. d3 g6 6. Nc3 Bg7 7. O-O e5 8.
Rb1 Ne7 9. Be3 O-O 10. Qd2 f5 11. Bh6 f4 12. Bxg7 Kxg7 13. h3 Be6 14. b3 h6 15.
Kh2 g5 16. Rh1 Ng6 17. Rbe1 h5 18. Kg1 g4 19. hxg4 hxg4 20. Nh2 Rh8 21. Ne2 Rh5
22. Rb1 Qg5 23. g3 fxg3 24. Qxg5 gxh2+ 0-1

[Event "NATO Chess Championship 2010"]
[Site "Koge"]
[Date "2010.10.20"]
[Round "4.25"]
[White "Keough, Robert"]
[Black "Kaygisiz, Ozgur Can"]
[Result "1-0"]
[WhiteElo "2114"]
[BlackElo "1892"]
[PlyCount "127"]
[EventDate "2010.10.??"]
[EventType "swiss"]
[EventRounds "7"]
[EventCountry "DEN"]
[WhiteTeam "USA"]
[BlackTeam "TUR"]
[WhiteTeamCountry "USA"]

1. e4 c5 2. Nf3 d6 3. d4 cxd4 4. Nxd4 Nf6 5. Nc3 a6 6. Bc4 e6 7. Bb3 Be7 8. O-O
O-O 9. Qf3 Qc7 10. Be3 Nc6 11. Rad1 Nxd4 12. Rxd4 b5 13. a4 Bd7 14. Qe2 Rfb8
15. f3 bxa4 16. Nxa4 Rxb3 17. cxb3 Bb5 18. Rc4 Qb7 19. Qc2 Bxc4 20. bxc4 Rc8
21. Rc1 h6 22. b3 Nd7 23. Qa2 Rc6 24. Kf2 Ne5 25. Rd1 Bg5 26. h3 Bxe3+ 27. Kxe3
Nd7 28. Ke2 Qb4 29. Rd3 Nc5 30. Nxc5 Qxc5 31. Qa1 f6 32. Qd4 Qxd4 33. Rxd4 Kf7
34. Kd3 a5 35. f4 Ke7 36. f5 e5 37. Rd5 Rc5 38. Kc3 Kd7 39. Rd3 Rc7 40. Kb2 a4
41. Rg3 Ke8 42. bxa4 Rxc4 43. a5 Rc7 44. a6 Kd8 45. Ra3 Ra7 46. Kc3 Kc7 47. Kc4
Kc6 48. g4 Kb6 49. Kd5 Kc7 50. Rc3+ Kb8 51. Rc6 Rf7 52. Rxd6 Ka7 53. Ke6 Rf8
54. Rd7+ Kxa6 55. Rxg7 Kb6 56. Ke7 Ra8 57. Kxf6 Re8 58. Re7 Rf8+ 59. Kxe5 Kc6
60. Re6+ Kd7 61. Rxh6 Ke7 62. Rh7+ Ke8 63. Ra7 Rh8 64. Ra8+ 1-0

[Event "NATO Chess Championship 2010"]
[Site "Koge"]
[Date "2010.10.20"]
[Round "4.27"]
[White "Bublys, Vaidotas"]
[Black "Nilsson, Erik"]
[Result "1/2-1/2"]
[WhiteElo "1930"]
[BlackElo "2149"]
[PlyCount "42"]
[EventDate "2010.10.??"]
[EventType "swiss"]
[EventRounds "7"]
[EventCountry "DEN"]
[WhiteTeam "LTU"]
[BlackTeam "DEN"]

1. d4 e6 2. c4 d5 3. Nf3 c6 4. Nc3 Nf6 5. Bg5 Nbd7 6. e3 Qa5 7. Nd2 dxc4 8.
Bxf6 Nxf6 9. Nxc4 Qc7 10. Be2 Be7 11. O-O O-O 12. Qc2 Rd8 13. Rad1 Bd7 14. Ne4
Nd5 15. a3 Be8 16. Bd3 g6 17. Be2 b6 18. Rc1 Rac8 19. Rfd1 Qb7 20. Qb3 Rc7 21.
Rc2 Kg7 1/2-1/2

[Event "NATO Chess Championship 2010"]
[Site "Koge"]
[Date "2010.10.20"]
[Round "4.35"]
[White "Marti, Gyorgy"]
[Black "Ghiacy, Jelani"]
[Result "1-0"]
[WhiteElo "2225"]
[BlackElo "1517"]
[PlyCount "49"]
[EventDate "2010.10.??"]
[EventType "swiss"]
[EventRounds "7"]
[EventCountry "DEN"]
[WhiteTeam "HUN"]
[BlackTeam "CAN"]

1. d4 d5 2. c4 Nf6 3. cxd5 Nxd5 4. e4 Nb6 5. Nc3 c6 6. Be3 e6 7. Nf3 Bd6 8. Bd3
f6 9. e5 Bb4 10. exf6 Bxc3+ 11. bxc3 Qxf6 12. Bg5 Qf8 13. O-O h6 14. Bg6+ Kd7
15. Bh4 Nc4 16. Qd3 b5 17. a4 Ba6 18. Ne5+ Kc8 19. Nf7 bxa4 20. Qh3 Nb6 21.
Qxe6+ N6d7 22. Rfe1 h5 23. Rab1 Rh6 24. Qe8+ Qxe8 25. Rxe8+ 1-0